Catálogo

La teoría que nunca murió / (Registro nro. 40651)

Detalles MARC
000 -LEADER
fixed length control field 01264cam a2200349 i 4500
001 - CONTROL NUMBER
control field 40651
003 - CONTROL NUMBER IDENTIFIER
control field Mx-PuUPA
005 - DATE AND TIME OF LATEST TRANSACTION
control field 20250410124720.0
008 - FIXED-LENGTH DATA ELEMENTS--GENERAL INFORMATION
fixed length control field 140415s2012 sp gr 000 0 spa d
017 ## - COPYRIGHT OR LEGAL DEPOSIT NUMBER
Copyright or legal deposit number B.26.527-2012
020 ## - INTERNATIONAL STANDARD BOOK NUMBER
International Standard Book Number 9788498924343
Qualifying information pasta dura
040 ## - CATALOGING SOURCE
Original cataloging agency Mx-PuUPA
Language of cataloging spa
Transcribing agency Mx-PuUPA
Modifying agency Mx-PuUPA
Description conventions rda
041 1# - LANGUAGE CODE
Language code of text/sound track or separate title spa
Language code of original eng
100 1# - MAIN ENTRY--PERSONAL NAME
Personal name McGrayne, Sharon Bertsch,
Dates associated with a name 1942-
Relator term autor
9 (RLIN) 16962
240 14 - UNIFORM TITLE
Uniform title The theory that would not die.
Language of a work Español
245 13 - TITLE STATEMENT
Title La teoría que nunca murió /
Statement of responsibility, etc. Sharon Bertsch McGrayne ; traducción castellana de Tomás Fernández Aúz, Beatriz Eguibar
250 ## - EDITION STATEMENT
Edition statement Primera edición /
Remainder of edition statement noviembre
264 #1 - PRODUCTION, PUBLICATION, DISTRIBUTION, MANUFACTURE, AND COPYRIGHT NOTICE
Place of production, publication, distribution, manufacture Barcelona :
Name of producer, publisher, distributor, manufacturer Crítica,
Date of production, publication, distribution, manufacture, or copyright notice ©2012
300 ## - PHYSICAL DESCRIPTION
Extent 584 páginas ;
Dimensions 23 cm
336 ## - CONTENT TYPE
Fuente rdacontent
Content type term texto
Content type code txt
337 ## - MEDIA TYPE
Source rdamedia
Media type term sin medio
Media type code n
338 ## - CARRIER TYPE
Source rdacarrier
Carrier type term volumen
Carrier type code nc
490 0# - SERIES STATEMENT
Series statement Drakontos
650 #7 - SUBJECT ADDED ENTRY--TOPICAL TERM
Source of heading or term armarc
Topical term or geographic name entry element Teoría bayesiana de decisiones estadísticas
General subdivision Historia
700 1# - ADDED ENTRY--PERSONAL NAME
Personal name Fernández Aúz, Tomás,
Relator term traductor
700 1# - ADDED ENTRY--PERSONAL NAME
Personal name Eguibar, Beatriz,
Relator term traductor
765 0# - ORIGINAL LANGUAGE ENTRY
Main entry heading McGrayne, Sharon Bertsch, 1942-
Title The theory that would not die.
942 ## - ADDED ENTRY ELEMENTS (KOHA)
Source of classification or shelving scheme Dewey Decimal Classification
Koha item type Libro
Classification part 519.542
Item part B4818
Existencias
Withdrawn status Lost status Source of classification or shelving scheme Damaged status Not for loan Collection code Home library Current library Shelving location Date acquired Source of acquisition Total Checkouts Full call number Barcode Date last seen Price effective from Koha item type
    Dewey Decimal Classification     General Centro de Estudios en Ciencia y Religión Centro de Estudios en Ciencia y Religión Sala general 03/12/2013 Compra   519.542 B4818 2012 61288 05/01/2026 03/12/2013 Libro